000 00393 a2200133 4500
001 ART_5637
005 20260410161617.0
008 260409a
245 1 0 _aHacia un informe de negocios como complemento de los estados contables
100 1 _aDíaz, Teresa
700 1 _aSuardi, Diana
700 1 _aBertolino, Gisela
773 0 _tEnfoques
_g- Nº 5 (may. 2006)
_wREV416
999 _c11148
_d11148